KIRIK ÇÖMLEK PARÇASI (Record no. 717404)

MARC details
000 -LEADER
sabit uzunluktaki kontrol alanı 00254nam a2200097Ia 4500
001 - KONTROL NUMARASI
kontrol alanı 717404
005 - EN SON İŞLEMİN TARİH VE ZAMANI
kontrol alanı 20250826163003.0
008 - SABİT-UZUNLUKTA VERİ ÖĞELERİ--GENEL BİLGİ
sabit uzunluktaki kontrol alanı 250824s9999 xx 000 0 und d
245 #0 - ESER / YAZAR
ESER ADI KIRIK ÇÖMLEK PARÇASI
Yazar Adı LINDA SUE PARK
260 ## - YAYIN, DAĞITIM, VB.
YAYIN EVİ BEYAZ BALİNA YAYINLARI
Holdings
Düşüm durumu Kayıp durumu Hasar Durumu Ödünç verilmez Ana kütüphane Geçerli Kütüphane Edinilen tarih Toplam ödünç verme sayısı Barkod Son görüntüleme tarihi Son ödünç verme tarihi Fiyatın geçerli olmaya başladığı tarih Koha materyal türü
        OSMAN NURİ HEKİMOĞLU ANADOLU LİSESİ OSMAN NURİ HEKİMOĞLU ANADOLU LİSESİ 24.08.2025 1 10333486 09.02.2026 03.02.2026 26.08.2025 Books